Antwoorden met de letter Q - Statistieken

Algemene statistieken
  • Deze quiz is 6 keer genomen
  • De gemiddelde score is 6 van 20
Antwoordstatistieken
Hint Antwoord % Correct
Franstalige provincie in Canada Quebec
100%
Klokkenluider van de Notre Dame Quasimodo
83%
Laatste keizerlijke dynastie van China Qing-dynastie
67%
Hoofdstad 20 kilometer ten zuiden van evenaar Quito
50%
Ben je oplettend, dan ben je op je … Qui vive
50%
Resultaat van een deling Quotient
50%
Personage uit Family Guy Glenn Quagmire
33%
Voetbalclub uit Londen Queens Park Rangers
33%
Zoektocht Queeste
33%
Iemand die klaagt Querulant
33%
TV serie uit de jaren 70 Q & Q
17%
First Person Shooter uit 1996 Quake
17%
Josh Homme is oprichter van deze band Queens of the stone age
17%
Voor wat, hoort wat Quid pro quo
17%
Hoofdpersoon in Koning Solomon's mijnen Allan Quatermain
0%
Britse snoepjes Quality street
0%
Brug tussen Queens en Manhattan Queens Bridge
0%
Drummer van The Roots Questlove
0%
Voornaam van de producer van het album 'Thriller' Quincy
0%
Klein soort kangoeroe Quokka
0%
Geen overeenkomende quizzen gevonden
Scoreverdeling
Procent van Mensen met Elke Score
Percentiel versus Aantal Correcte Antwoorden
Uw Scoregeschiedenis
U heeft deze quiz nog niet genomen